000 002600000a22000970004500
100 1 _aMyers, Bryant
245 1 0 _aAnother look at "holistic mission"
300 _aVol. 35, Núm 3 (1999), Páginas 285-287
773 0 _tEvangelical Missions Quarterly
942 _cANA
999 _c58202
_d58202